000 01231naa a22003257a 4500
001 BR7905440
003 BR-BrBNA
005 20240918174426.0
007 ta
008 230509b bl.||||| |||| 00| 0 por d
040 _aBR-BrBNA
_bpor
_cBiblioteca Nacional de Agricultura
041 _a(Pt)
072 _aL10; L00
_b5240
090 _aL10 BR7905440
100 1 _aVieira, J.M.S.
111 1 _a1. Jornada Tecnica de Producao Ovina no Rio Grande do Sul
_cBage, RS (Brazil)
_d10 Jul 1979
245 1 _aAspectos a considerar no manejo ovino durante a inseminacao artificial para aumentar sua eficiencia [Ovis aries]
260 3 _aBage, RS (Brasil):
_cDec 1979.
500 _aAnais da 1. Jornada Tecnica de Producao Ovina no Rio Grande do Sul Bage, RS (Brasil): Dec 1979. p. 81 (BR7905440-AM)L10
650 _aMelhoramento genetico animal
650 _aProducao animal
650 _aOvino
650 _aManejo
650 _aInseminacao artificial
650 _aReproducao animal
650 _aEficiencia reprodutiva
773 0 _tAnais da 1. Jornada Tecnica de Producao Ovina no Rio Grande do Sul
_wL10 BR7905440
_gBage, RS (Brasil), Dec 1979. p. 81
909 _a202404
_bLucia
_c55
_dLucia Elande
942 _cAM
_2AGRIS
999 _c311156
_d311156